[Event "London Classic Open 2018"]
[Site "London ENG"]
[Date "2018.12.10"]
[Round "2.86"]
[White "Hosdurga, Chirag"]
[Black "Kromhout, Ewan"]
[Result "1/2-1/2"]
[WhiteElo "1758"]
[BlackElo "2019"]
[WhiteFideId "438189"]
[BlackFideId "14300206"]
[EventDate "2018.12.09"]

1. Nf3 d5 2. e3 Nf6 3. c4 e6 4. b3 Be7 5. Bb2 O-O 6. Be2 c5 7. O-O Nc6 8. cxd5
Nxd5 9. Nc3 Bf6 10. Qc1 b6 11. Rd1 Ndb4 12. d3 Bb7 13. a3 Nd5 14. Nxd5 Bxb2 15.
Ne7+ Qxe7 16. Qxb2 Rfd8 17. Rab1 Rd5 18. e4 Rd7 19. Ne5 Nxe5 20. Qxe5 Rd4 21.
Rdc1 f6 22. Qg3 a5 23. Rc3 Rad8 24. Rbc1 Ba6 25. h4 Qd6 26. Qh3 Kf7 27. Rd1 e5
28. Bh5+ g6 29. Be2 Bc8 30. Qe3 Kg7 31. h5 g5 32. Rdc1 Be6 33. Rb1 Rd7 34. Qc1
Qe7 35. g4 Qf7 36. Qc2 Kh6 37. Kg2 Qe7 38. Rb2 Qf7 39. Rb1 Qf8 40. Rb2 Qa8 41.
Kg3 R7d6 42. a4 Bc8 43. Rb1 Ba6 44. f3 Qd8 45. Rd1 Bc8 46. Rc4 Be6 47. Rc3 Qf8
48. Rb1 Rb4 49. Rb2 Qd8 50. Rb1 Qc8 51. Rc1 Rd8 52. Bd1 Qd7 53. Qf2 Rd4 54. Be2
Qd6 55. Qe1 Bc8 56. Rd1 Ba6 57. Qf1 Rd7 58. Kh3 Rb4 59. Rdc1 Rd8 60. Kg3 Bc8 61.
Qf2 Be6 62. Bd1 Qd4 63. Kg2 Qd7 64. Kg3 Qf7 65. Qc2 Rdd4 66. Rb1 Qd7 67. Be2 Rd6
68. Bd1 Rbd4 69. Be2 Qc7 70. Rc1 Rd8 71. Rb1 Qd6 72. Bf1 Qe7 73. Be2 Qf7 74. Bd1
Qc7 75. Be2 R8d7 76. Kf2 Rd8 77. Rc1 Rf8 78. Kg2 Rd7 79. Qd2 Qd6 80. Rb1 Qd4 81.
Qc1 Rfd8 82. Rc2 Re7 83. Rc3 Qd6 84. Qc2 Bc8 85. Rc1 Ba6 86. Rd1 Red7 87. Qb1
Qe6 88. Qc2 Rd4 89. Qb1 Qf7 90. Qc2 Bc8 91. Rb1 Be6 92. Kf2 R8d6 93. Kg3 Rd8 94.
Rd1 1/2-1/2

[Event "London Classic Open 2018"]
[Site "London ENG"]
[Date "2018.12.10"]
[Round "2.87"]
[White "Wilks, Simon"]
[Black "Basnayake, I U"]
[Result "1/2-1/2"]
[BlackTitle "WCM"]
[WhiteElo "2019"]
[BlackElo "1692"]
[WhiteFideId "427357"]
[BlackFideId "9901698"]
[EventDate "2018.12.09"]

1. e4 c5 2. Nf3 d6 3. Bb5+ Nd7 4. c3 a6 5. Ba4 b5 6. Bc2 Bb7 7. O-O Ngf6 8. Re1
e6 9. d3 h6 10. Nbd2 Be7 11. Nf1 Qc7 12. a4 O-O 13. Ng3 Rfe8 14. h3 Bc6 15. Be3
Rab8 16. axb5 axb5 17. Bd2 Ra8 18. Qe2 Qb7 19. Nh2 Rxa1 20. Rxa1 Ra8 21. Rf1 Ra2
22. Bc1 b4 23. c4 Ra1 24. Bd2 Qa6 25. Bb1 1/2-1/2

[Event "London Classic Open 2018"]
[Site "London ENG"]
[Date "2018.12.10"]
[Round "2.88"]
[White "Mohnblatt, Daniel"]
[Black "Burke, John S"]
[Result "1/2-1/2"]
[WhiteElo "1749"]
[BlackElo "1980"]
[WhiteFideId "648582"]
[BlackFideId "404322"]
[EventDate "2018.12.09"]

1. d4 d5 2. Nf3 Nf6 3. e3 e6 4. Bd3 Bd6 5. O-O O-O 6. b3 c5 7. Bb2 Nc6 8. c4 b6
9. Nc3 Bb7 10. cxd5 exd5 11. Rc1 Re8 12. Ne2 Ne4 13. Ng3 Bc8 14. Bb5 Bb7 15.
dxc5 Bxg3 16. hxg3 bxc5 17. Nd2 1/2-1/2

[Event "London Classic Open 2018"]
[Site "London ENG"]
[Date "2018.12.10"]
[Round "2.89"]
[White "Ditmas, Hugh"]
[Black "Megias, Eva"]
[Result "1-0"]
[WhiteElo "1978"]
[BlackElo "1638"]
[WhiteFideId "1270666"]
[BlackFideId "465062"]
[EventDate "2018.12.09"]

1. d4 d5 2. c4 Bf5 3. Nf3 e6 4. Nc3 Bb4 5. Qb3 Bxc3+ 6. bxc3 b6 7. Bg5 f6 8. Bf4
Ne7 9. e3 O-O 10. Bg3 Nd7 11. cxd5 exd5 12. c4 c6 13. cxd5 cxd5 14. Bd6 Be4 15.
Nd2 f5 16. f3 Nf6 17. Qa3 Rf7 18. fxe4 fxe4 19. Bxe7 Rxe7 20. Ba6 Qd7 21. O-O
Rf8 22. Be2 h5 23. Rac1 h4 24. h3 g5 25. Qc3 Rg7 26. Qc6 Qe7 27. Bg4 Qa3 28. Rc3
Qe7 29. Qe6+ Kh8 30. Qxe7 Rxe7 31. Rc6 Kg7 32. Nb1 b5 33. Nc3 b4 34. Na4 Ref7
35. Be6 Re7 36. Nc5 Rb8 37. Rxf6 Kxf6 38. Nd7+ Kg7 39. Nxb8 Rb7 40. Nd7 a5 41.
Ne5 b3 42. axb3 Rxb3 43. Bxd5 Rxe3 44. Rc7+ Kf8 45. Bc6 Rb3 46. Ng6+ 1-0

[Event "London Classic Open 2018"]
[Site "London ENG"]
[Date "2018.12.10"]
[Round "2.90"]
[White "Chilton, James I"]
[Black "Penna, Tommaso"]
[Result "0-1"]
[WhiteElo "1738"]
[BlackElo "1963"]
[WhiteFideId "423009"]
[BlackFideId "847836"]
[EventDate "2018.12.09"]

1. d4 d5 2. c4 e6 3. Bf4 Nf6 4. e3 c5 5. Nf3 Nc6 6. Nc3 Be7 7. Be2 O-O 8. O-O
dxc4 9. Bxc4 cxd4 10. Nxd4 Nxd4 11. Qxd4 b6 12. Rfd1 Bb7 13. Qe5 Qc8 14. Bd3 Qc6
15. f3 Rfd8 16. Rac1 Rac8 17. Ne2 Qa4 18. Qb5 Qxb5 19. Bxb5 Nd5 20. Rxc8 Rxc8
21. Nc3 Nxf4 22. exf4 Rc7 23. Rd7 Rxd7 24. Bxd7 g6 25. Ne4 Bd5 26. a3 h6 27. Kf2
f5 28. Nc3 Bc5+ 29. Ke2 Bc4+ 30. Kd2 Kf7 31. Bb5 Bxb5 32. Nxb5 a6 33. Nc7 Bd6
34. Nxa6 Bxf4+ 35. Kc3 Bxh2 36. Kc4 Bg1 37. Nc7 g5 38. Kb5 h5 39. Na8 h4 40.
Nxb6 g4 41. fxg4 fxg4 42. Nc4 Bd4 43. b4 h3 44. gxh3 gxh3 45. Nd6+ Ke7 46. Ne4
h2 47. Ng3 e5 48. Kc4 Kd6 49. a4 Kc6 50. a5 Bf2 51. b5+ Kb7 52. Nh1 Be1 53. Kd5
Bc3 54. Ke4 Kc7 55. Kd5 Bd4 56. Ng3 Bf2 57. Nh1 Bd4 58. Ng3 Kb8 59. Nh1 Ka7 60.
Ng3 Bf2 61. Nh1 Bd4 62. Ng3 Bc3 63. Nh1 Kb8 64. Ng3 Bxa5 65. b6 Bxb6 66. Nh1 Bd4
67. Ng3 Kc7 68. Ke4 Kd6 69. Kf3 Kd5 70. Kg2 Bg1 71. Nf5 Ke4 72. Nd6+ Kd3 73. Kh1
Bc5 74. Nf5 Bg1 75. Nd6 Bc5 76. Nf5 Ke4 77. Ng3+ Kf3 78. Kxh2 Be3 79. Nf5 Bf2
80. Kh3 e4 81. Kh2 Be1 82. Kg1 Bg3 83. Kf1 Bf2 84. Nd6 e3 85. Ne4 e2# 0-1

[Event "London Classic Open 2018"]
[Site "London ENG"]
[Date "2018.12.10"]
[Round "2.92"]
[White "Jekel, Wolfgang"]
[Black "Mueller, Jens"]
[Result "1/2-1/2"]
[WhiteElo "1723"]
[BlackElo "1961"]
[WhiteFideId "4690370"]
[BlackFideId "16251016"]
[EventDate "2018.12.09"]

1. f4 g6 2. Nf3 Bg7 3. g3 c5 4. Bg2 Nc6 5. d3 d5 6. c3 Nf6 7. O-O O-O 8. Na3 e6
9. Nh4 Qb6 10. Kh1 Rd8 11. Qe1 Na5 12. e4 dxe4 13. dxe4 Bd7 14. Nf3 Bb5 15. Nxb5
Qxb5 16. Ne5 Nd7 17. Nxd7 Rxd7 18. Rb1 Rad8 19. Be3 Nc4 20. e5 Bf8 21. Be4 Nd2
22. Bxd2 Rxd2 23. Rf2 Rxf2 24. Qxf2 1/2-1/2

[Event "London Classic Open 2018"]
[Site "London ENG"]
[Date "2018.12.10"]
[Round "2.93"]
[White "Nelson, Omowale"]
[Black "Tomy, Jeff"]
[Result "1-0"]
[WhiteElo "1956"]
[BlackElo "1578"]
[WhiteFideId "7400209"]
[BlackFideId "427489"]
[EventDate "2018.12.09"]

1. d4 d5 2. c4 c6 3. Nf3 Nf6 4. g3 e6 5. Bg2 Bb4+ 6. Bd2 Be7 7. O-O O-O 8. Qc2
Nbd7 9. Rd1 b6 10. Bf4 Bb7 11. Nbd2 Nh5 12. Ne5 Nxf4 13. gxf4 Nf6 14. Rac1 Nh5
15. e3 Nf6 16. Qa4 Qd6 17. a3 Rfc8 18. b4 a5 19. c5 Qd8 20. b5 cxb5 21. Qxb5 Ba6
22. Qxb6 Qxb6 23. cxb6 Bxa3 24. Ra1 Bb4 25. Bf1 Bxf1 26. b7 Be2 27. bxc8=Q+ Rxc8
28. Rdc1 Ra8 29. Nb3 Ne4 30. f3 Nd2 31. Nxa5 Nxf3+ 32. Nxf3 Bxf3 33. Nc6 Rxa1
34. Rxa1 Bf8 35. Ra8 f6 36. Nd8 Bg4 37. Ra6 e5 38. fxe5 fxe5 39. dxe5 Bc5 40.
Kf2 d4 41. exd4 Bxd4+ 42. Kg3 Bf5 43. Kf4 g6 44. Nc6 Bc5 45. Ra5 Bf8 46. Ra8 Kf7
47. Ra7+ Kg8 48. Ne7+ Bxe7 49. Rxe7 h5 50. Kg5 Kf8 51. Kf6 h4 52. Rh7 Ke8 53.
Rxh4 Kd7 54. Rh7+ Ke8 55. e6 Kd8 56. Rh8+ Kc7 57. e7 1-0

[Event "London Classic Open 2018"]
[Site "London ENG"]
[Date "2018.12.10"]
[Round "2.94"]
[White "Kalkowski, Igor"]
[Black "De Coverly, Roger D"]
[Result "1-0"]
[WhiteElo "1716"]
[BlackElo "1951"]
[WhiteFideId "21833966"]
[BlackFideId "405213"]
[EventDate "2018.12.09"]

1. e4 e5 2. Nc3 Nc6 3. Bc4 Nf6 4. d3 Bc5 5. f4 O-O 6. Nf3 Ng4 7. Qe2 Bf2+ 8. Kf1
Bb6 9. h3 Nf2 10. Rh2 exf4 11. Nd5 Bc5 12. c3 g5 13. d4 Nxe4 14. Qxe4 Bd6 15.
Qf5 Ne7 16. Nf6+ Kg7 17. Qxg5+ Ng6 18. Nh5+ Kh8 19. Qh6 1-0

[Event "London Classic Open 2018"]
[Site "London ENG"]
[Date "2018.12.10"]
[Round "2.95"]
[White "Newton, Andrew"]
[Black "Sentissi, Yassine"]
[Result "0-1"]
[WhiteElo "1948"]
[BlackElo "1571"]
[WhiteFideId "2403285"]
[BlackFideId "9011951"]
[EventDate "2018.12.09"]

1. e4 c5 2. Nf3 d6 3. d4 cxd4 4. Nxd4 Nf6 5. Nc3 a6 6. f3 e5 7. Nb3 Be6 8. Be3
Be7 9. Qd2 O-O 10. O-O-O a5 11. a4 Nc6 12. g4 Nb4 13. g5 Nh5 14. Rg1 f5 15. Qf2
fxe4 16. Nxe4 Qc8 17. Kb1 Rxf3 18. Qxf3 Qxc2+ 19. Ka1 Qxb3 20. Nc3 Rc8 21. Rg2
Rxc3 22. bxc3 Qa3+ 23. Kb1 Ba2+ 24. Ka1 Bd5+ 0-1

[Event "London Classic Open 2018"]
[Site "London ENG"]
[Date "2018.12.10"]
[Round "2.96"]
[White "Saravanan, Aadarsh"]
[Black "Cavendish, Joshua Z"]
[Result "0-1"]
[WhiteElo "1709"]
[BlackElo "1944"]
[WhiteFideId "440078"]
[BlackFideId "418005"]
[EventDate "2018.12.09"]

1. d4 Nf6 2. c4 g6 3. Nc3 Bg7 4. e4 d6 5. f3 O-O 6. Be3 c5 7. d5 a6 8. Bd3 e6 9.
Qd2 exd5 10. exd5 Nbd7 11. Nge2 Ne5 12. O-O Re8 13. Rae1 Bd7 14. Ng3 b5 15. b3
Qa5 16. Be2 Rab8 17. Rb1 Qc7 18. Rfc1 h5 19. Bg5 Nh7 20. Bh6 h4 21. Nge4 Bf5 22.
Bxg7 Kxg7 23. cxb5 h3 24. g4 Bxe4 25. Nxe4 axb5 26. a4 Nxg4 27. Bxb5 Re5 28. Re1
Ngf6 29. Bc4 Rbe8 30. Ng3 Ng5 31. Kf2 Qe7 32. Rxe5 Qxe5 33. Re1 Qxe1+ 34. Qxe1
Rxe1 35. Kxe1 Nxf3+ 36. Kf2 Nxh2 37. a5 Nhg4+ 38. Kg1 Ne8 39. a6 Nc7 40. Ne4 Ne3
41. Nxc5 Nxc4 42. bxc4 Kf6 43. Nb7 Ke7 44. a7 g5 45. Na5 Kd7 46. Nc6 Na8 47. Nd4
Kc7 48. Kh2 g4 49. Nf5 Nb6 50. Nh6 Kb7 51. Nxg4 Nxc4 52. Nf6 Kxa7 53. Kxh3 Kb6
54. Kg4 Kc5 55. Kf5 Kd4 56. Kf4 Nb6 57. Kf5 Nc4 58. Kf4 Ne3 59. Ne8 Nxd5+ 60.
Kf5 Kc5 61. Ng7 Kc6 62. Ne8 Kd7 63. Ng7 Ke7 64. Ke4 Nf6+ 65. Kd4 Ne8 66. Nf5+
Ke6 67. Ke4 Nf6+ 68. Kf4 Nh5+ 69. Kg5 f6+ 70. Kg4 Ke5 71. Ne3 Ng7 72. Nc4+ Kd5
73. Nb6+ Ke4 74. Nc4 f5+ 75. Kg5 d5 76. Nd2+ Ke3 77. Nf1+ Ke4 78. Nd2+ Ke3 79.
Nf1+ Kf2 80. Nd2 d4 81. Kf4 Ke2 0-1

[Event "London Classic Open 2018"]
[Site "London ENG"]
[Date "2018.12.10"]
[Round "2.97"]
[White "Cotter, Len"]
[Black "Royal, Shreyas"]
[Result "0-1"]
[BlackTitle "CM"]
[WhiteElo "1651"]
[BlackElo "1930"]
[WhiteFideId "431419"]
[BlackFideId "448869"]
[EventDate "2018.12.09"]

1. e4 c5 2. Nf3 e6 3. d4 cxd4 4. Nxd4 a6 5. Nc3 b5 6. Bd3 Qb6 7. Be3 Bc5 8. Nce2
Nc6 9. c3 Bb7 10. O-O Ne5 11. f3 Qa7 12. Bf2 Nf6 13. b4 Bb6 14. a4 bxa4 15. Rxa4
O-O 16. Nb5 Bxf2+ 17. Rxf2 Qe3 18. Nbd4 Nxd3 19. Qf1 Qxf2+ 20. Qxf2 Nxf2 21.
Kxf2 Bc6 22. Nxc6 dxc6 23. Nd4 Rfc8 24. Ke3 c5 25. bxc5 Rxc5 26. Kd3 Nd7 27. f4
Nb6 28. Rb4 Rb8 29. g4 a5 30. Rb1 a4 31. Nc2 Rbc8 32. Kd4 Rc4+ 33. Ke5 Rxc3 34.
Rxb6 Rxc2 35. Ra6 Ra2 36. Kd6 h6 37. h4 Ra1 38. f5 a3 39. fxe6 fxe6 40. Kxe6 a2
41. Ke7 Rc2 42. e5 Re1 0-1

[Event "London Classic Open 2018"]
[Site "London ENG"]
[Date "2018.12.10"]
[Round "2.99"]
[White "Nergard, Ole-Kristian"]
[Black "Cramling Bellon, Anna"]
[Result "0-1"]
[BlackTitle "WFM"]
[WhiteElo "1630"]
[BlackElo "1927"]
[WhiteFideId "1543156"]
[BlackFideId "32009232"]
[EventDate "2018.12.09"]

1. e4 c5 2. d4 cxd4 3. c3 dxc3 4. Nxc3 Nc6 5. Nf3 e6 6. Bc4 Qc7 7. O-O Nf6 8.
Re1 Bc5 9. e5 Ng4 10. Ne4 Qb6 11. Nxc5 Qxc5 12. Qe2 O-O 13. Bf4 f6 14. Rac1 Qe7
15. exf6 Nxf6 16. Qd2 d5 17. Bb3 Bd7 18. Bg5 Qf7 19. Nd4 Ne4 20. Rxe4 dxe4 21.
Be3 Nxd4 22. Qxd4 Bc6 23. Qe5 Rfe8 24. Rd1 Bd5 25. Bxd5 exd5 26. Qxd5 Qxd5 27.
Rxd5 Rad8 28. Rxd8 Rxd8 29. g3 a6 30. Kg2 Kf7 31. g4 Ke6 32. Kg3 Rf8 33. Bf4 Kd5
34. g5 g6 35. a3 Kd4 36. Kg4 b5 37. h4 Kc4 38. Kg3 Rf5 39. Be3 Kd3 40. Kg4 Rf3
41. h5 Rxe3 42. fxe3 Kxe3 0-1

[Event "London Classic Open 2018"]
[Site "London ENG"]
[Date "2018.12.10"]
[Round "2.100"]
[White "Jain, Gautam"]
[Black "Lie, Terje"]
[Result "1-0"]
[WhiteElo "1926"]
[BlackElo "1532"]
[WhiteFideId "425311"]
[BlackFideId "1504916"]
[EventDate "2018.12.09"]

1. e4 d6 2. Nc3 Nf6 3. f4 g6 4. Nf3 Bg7 5. Bc4 Nxe4 6. Nxe4 d5 7. Bd3 dxe4 8.
Bxe4 O-O 9. O-O c6 10. c3 Bg4 11. d4 Nd7 12. h3 Bxf3 13. Qxf3 f5 14. Bc2 e6 15.
Bb3 Re8 16. Re1 Nf8 17. Be3 Qd7 18. Bf2 Bf6 19. Rad1 a6 20. Re2 Re7 21. Red2 Qc7
22. c4 Rd7 23. d5 e5 24. d6 Qd8 25. fxe5 Bxe5 26. c5+ Kg7 27. Re2 Qf6 28. Rde1
Bxb2 29. Qd3 Qc3 30. Re7+ Kh8 31. Qe2 Qf6 32. Qc4 Ne6 33. R1xe6 Rxe7 34. Rxf6
Re4 35. Qf7 Bd4 36. Bxd4 Rxd4 37. Re6 Rd5 38. Bxd5 cxd5 39. Re7 1-0

[Event "London Classic Open 2018"]
[Site "London ENG"]
[Date "2018.12.10"]
[Round "2.101"]
[White "Stoyanov, Boris"]
[Black "Rogacewicz, Mikolaj"]
[Result "0-1"]
[WhiteElo "1594"]
[BlackElo "1925"]
[WhiteFideId "456462"]
[BlackFideId "21842981"]
[EventDate "2018.12.09"]

1. d4 Nf6 2. c4 c5 3. e3 g6 4. Nf3 Bg7 5. Nc3 O-O 6. Be2 cxd4 7. exd4 d5 8. O-O
Nc6 9. Be3 Bf5 10. cxd5 Nxd5 11. Nxd5 Qxd5 12. Qd2 Rfd8 13. Rfd1 Rd7 14. b3 Rad8
15. Bc4 Qd6 16. d5 Bxa1 17. dxc6 Qxc6 18. Rxa1 Rxd2 19. Bxd2 Be6 20. Rc1 Qc5 21.
Be3 Qa3 22. Bxe6 Qxc1+ 23. Bxc1 Rd1+ 0-1

[Event "London Classic Open 2018"]
[Site "London ENG"]
[Date "2018.12.10"]
[Round "2.102"]
[White "Haddock, Paul"]
[Black "Cole, James"]
[Result "0-1"]
[WhiteElo "1558"]
[BlackElo "1914"]
[WhiteFideId "419150"]
[BlackFideId "431818"]
[EventDate "2018.12.09"]

1. e4 c6 2. d4 d5 3. e5 Bf5 4. Nf3 e6 5. Bd3 Bxd3 6. Qxd3 Qa5+ 7. Bd2 Qa6 8. Qe3
Ne7 9. Nc3 c5 10. dxc5 Nf5 11. Qe2 Qxe2+ 12. Nxe2 Bxc5 13. O-O Nc6 14. a3 Rc8
15. Rac1 b5 16. c3 O-O 17. g4 Nfe7 18. Ned4 a6 19. Rfe1 Rc7 20. Kf1 Nc8 21. Be3
Na5 22. b4 Bxd4 23. cxd4 Nc4 24. Ke2 N8b6 25. Rc2 Ra7 26. Nd2 Nxd2 27. Bxd2 Nc4
28. Ra1 f6 29. f4 fxe5 30. fxe5 Raf7 31. Be1 Rf4 32. Rd1 Re4+ 0-1

[Event "London Classic Open 2018"]
[Site "London ENG"]
[Date "2018.12.10"]
[Round "2.103"]
[White "McManus, Gordon"]
[Black "Hughes, Anthony"]
[Result "0-1"]
[BlackTitle "CM"]
[WhiteElo "1463"]
[BlackElo "1910"]
[WhiteFideId "432857"]
[BlackFideId "1803093"]
[EventDate "2018.12.09"]

1. d4 d5 2. Nf3 Nf6 3. e3 c5 4. c3 Bf5 5. Bd3 Bxd3 6. Qxd3 e6 7. O-O Nbd7 8.
Nbd2 Bd6 9. e4 dxe4 10. Nxe4 Nxe4 11. Qxe4 Qc7 12. dxc5 Nxc5 13. Qe2 O-O 14. Bg5
Be7 15. Bxe7 Qxe7 16. Rfd1 Rfd8 17. Rxd8+ Rxd8 18. Rd1 h6 19. h3 Qc7 20. Kf1 Rd7
21. Rxd7 Qxd7 22. Qd2 Qb5+ 23. Kg1 Qd3 24. b3 e5 25. Qxd3 Nxd3 26. Nd2 f6 27.
Kf1 Kf7 28. a4 Ke6 29. Ke2 Nf4+ 30. Kf3 f5 31. h4 g5 32. hxg5 hxg5 33. g3 Nd5
34. c4 e4+ 35. Ke2 Nc3+ 36. Ke3 Nd1+ 37. Ke2 Nc3+ 38. Ke3 Ke5 39. f4+ gxf4+ 40.
gxf4+ Kd6 41. Kd4 Ne2+ 42. Ke3 Ng3 43. b4 b6 44. Kd4 Ne2+ 45. Ke3 Nc3 46. a5
bxa5 47. bxa5 Kc5 48. a6 Nd1+ 49. Ke2 Nb2 50. Nxe4+ fxe4 51. Ke3 Nxc4+ 52. Kxe4
Kd6 53. f5 Ne5 54. Kf4 Nf7 55. Ke4 Kc5 56. f6 Kc4 57. Kf5 Kd5 58. Kg6 Ke6 0-1

[Event "London Classic Open 2018"]
[Site "London ENG"]
[Date "2018.12.10"]
[Round "2.104"]
[White "Mugalu, Hassan"]
[Black "Hizarci, Bora"]
[Result "1-0"]
[WhiteElo "1910"]
[BlackElo "1453"]
[WhiteFideId "451533"]
[BlackFideId "457698"]
[EventDate "2018.12.09"]

1. d4 e6 2. Nf3 f5 3. Bf4 Nf6 4. h3 b6 5. e3 Bb7 6. Nbd2 Be7 7. c3 O-O 8. Qb3
Bd6 9. Ne5 Qe8 10. Rg1 Bxe5 11. Bxe5 d6 12. Bh2 Ne4 13. f3 Nxd2 14. Kxd2 Nc6 15.
Re1 Qd7 16. Kc1 Ne7 17. Bd3 a5 18. Qd1 b5 19. g4 b4 20. c4 a4 21. gxf5 exf5 22.
d5 Ng6 23. Qd2 b3 24. a3 Ne5 25. Bxe5 dxe5 26. Rg5 Rae8 27. Reg1 Rf7 28. Qg2 c6
29. Bxf5 Qe7 30. Be6 1-0

[Event "London Classic Open 2018"]
[Site "London ENG"]
[Date "2018.12.10"]
[Round "2.105"]
[White "Ellis, Bryan Timothy"]
[Black "Rushbrooke, Remy"]
[Result "0-1"]
[WhiteElo "1263"]
[BlackElo "1909"]
[WhiteFideId "30948550"]
[BlackFideId "443590"]
[EventDate "2018.12.09"]

1. d4 Nf6 2. Nf3 e6 3. e3 c5 4. b3 d5 5. Bd3 Nc6 6. O-O Bd6 7. Nbd2 O-O 8. a3 a6
9. Qe2 b5 10. c4 bxc4 11. bxc4 cxd4 12. exd4 dxc4 13. Nxc4 Be7 14. Bb2 Nd5 15.
Nfe5 Nxe5 16. Nxe5 Bb7 17. f4 Rb8 18. Rf3 Nf6 19. Bxh7+ Nxh7 20. Rh3 Qd5 21. Rf1
Qxg2+ 22. Qxg2 Bxg2 23. Kxg2 Rxb2+ 24. Kg3 Rc8 25. Rf3 Rcc2 26. Ng4 Rg2# 0-1

[Event "London Classic Open 2018"]
[Site "London ENG"]
[Date "2018.12.11"]
[Round "3.1"]
[White "Milliet, Sophie"]
[Black "Melkumyan, Hrant"]
[Result "0-1"]
[WhiteTitle "IM"]
[BlackTitle "GM"]
[WhiteElo "2376"]
[BlackElo "2670"]
[WhiteFideId "623725"]
[BlackFideId "13302485"]
[EventDate "2018.12.09"]

1. e4 e6 2. d4 d5 3. e5 c5 4. c3 Nc6 5. Nf3 Bd7 6. Be2 Nge7 7. Na3 Ng6 8. h4
cxd4 9. cxd4 Bb4+ 10. Kf1 h6 11. h5 Nge7 12. Nc2 Ba5 13. Bd2 Bb6 14. Bd3 a6 15.
Rh4 Nf5 16. Rf4 Rc8 17. Bc3 Qc7 18. Kg1 Ba5 19. b4 Bb6 20. Bb2 Nfe7 21. Nh4 Nd8
22. a4 f5 23. b5 axb5 24. axb5 O-O 25. Ba3 Be8 26. g4 Nf7 27. gxf5 Ng5 28. Kh2
exf5 29. Nxf5 Rxf5 30. Rxf5 Nxf5 31. Bxf5 Qf7 32. Ne3 Bxd4 33. Rc1 Rxc1 34. Bxc1
Bxe3 35. Bxe3 Qxf5 36. Qxd5+ Kh7 37. Bxg5 hxg5 0-1

[Event "London Classic Open 2018"]
[Site "London ENG"]
[Date "2018.12.11"]
[Round "3.2"]
[White "Moussard, Jules"]
[Black "Gschnitzer, Adrian"]
[Result "1/2-1/2"]
[WhiteTitle "GM"]
[BlackTitle "FM"]
[WhiteElo "2591"]
[BlackElo "2374"]
[WhiteFideId "642908"]
[BlackFideId "1270337"]
[EventDate "2018.12.09"]

1. e4 c5 2. Nf3 Nc6 3. Bb5 g6 4. Bxc6 bxc6 5. O-O Bg7 6. Re1 Nh6 7. c3 O-O 8. h3
f5 9. e5 Nf7 10. d3 Rb8 11. Na3 Ba6 12. b3 d6 13. Bf4 Qa5 14. Nc4 Bxc4 15. dxc4
Qxc3 16. Rc1 Qa5 17. e6 Ne5 18. Bxe5 dxe5 19. Nxe5 Bxe5 20. Rxe5 Rfd8 21. Qe2
Rd2 22. Qe3 Qxa2 23. Rxf5 Re2 24. Qf4 Qxb3 25. Rf7 Rxe6 26. Rxh7 Kxh7 27. Qf7+
Kh6 28. Qxe6 Rd8 29. Qe2 e5 30. Re1 e4 31. Qxe4 Rd1 32. Qh4+ Kg7 33. Qe7+ Kg8
34. Qe6+ Kg7 35. Qe5+ Kh7 36. Qc7+ Kh6 37. Qf4+ Kg7 38. Qe5+ Kh6 1/2-1/2

[Event "London Classic Open 2018"]
[Site "London ENG"]
[Date "2018.12.11"]
[Round "3.3"]
[White "Wadsworth, Matthew J"]
[Black "Yuffa, Daniil"]
[Result "0-1"]
[WhiteTitle "FM"]
[BlackTitle "GM"]
[WhiteElo "2364"]
[BlackElo "2572"]
[WhiteFideId "415804"]
[BlackFideId "24131423"]
[EventDate "2018.12.09"]

1. c4 c6 2. Nf3 d5 3. g3 Nf6 4. Bg2 Bf5 5. cxd5 cxd5 6. Qb3 Nc6 7. Nc3 Qd7 8. d3
d4 9. Nb5 e5 10. Bd2 Be7 11. Na3 O-O 12. O-O e4 13. dxe4 Nxe4 14. Bf4 Nc5 15.
Qb5 a6 16. Qc4 b5 17. Qc1 Rac8 18. Rd1 Na4 19. Nh4 Bg4 20. Qd2 Qe6 21. Nf3 Bxf3
22. Bxf3 Bb4 23. Qc2 d3 24. Rxd3 Ne5 25. Qb1 Nxd3 26. exd3 Bd6 27. Be3 f5 28.
Nc2 f4 29. Nd4 Qf6 30. Bd5+ Kh8 31. gxf4 Bxf4 32. Kh1 Rcd8 0-1

[Event "London Classic Open 2018"]
[Site "London ENG"]
[Date "2018.12.11"]
[Round "3.4"]
[White "Istratescu, Andrei"]
[Black "Megalios, Konstantinos"]
[Result "0-1"]
[WhiteTitle "GM"]
[WhiteElo "2564"]
[BlackElo "2365"]
[WhiteFideId "1200372"]
[BlackFideId "4238044"]
[EventDate "2018.12.09"]

1. d4 Nf6 2. c4 e6 3. Nf3 Bb4+ 4. Bd2 a5 5. Nc3 b6 6. e3 Bb7 7. Bd3 Bxc3 8. Bxc3
Ne4 9. Bxe4 Bxe4 10. d5 f6 11. Qd4 Bg6 12. h4 h5 13. Rd1 Na6 14. e4 d6 15. Qe3
e5 16. Nd2 O-O 17. f3 f5 18. exf5 Bxf5 19. Qg5 Qxg5 20. hxg5 Bc2 21. Rc1 Bg6 22.
Nf1 Nc5 23. Rd1 e4 24. Kf2 exf3 25. gxf3 Ne4+ 26. Kg2 Nxc3 27. bxc3 Rae8 28. Kf2
Rxf3+ 29. Kxf3 Be4+ 30. Kg3 Bxh1 31. Nd2 Be4 32. Re1 Bg6 33. Rxe8+ Bxe8 34. Kf4
Bg6 35. Ke3 Kf7 36. a3 Bf5 37. Nf3 Kg6 38. Kf4 Bd3 39. Nd4 Bxc4 40. Ne6 c5 41.
Nf8+ Kf7 42. Nd7 Bxd5 43. Nxb6 Be6 0-1

[Event "London Classic Open 2018"]
[Site "London ENG"]
[Date "2018.12.11"]
[Round "3.5"]
[White "Hillarp Persson, Tiger"]
[Black "Gullaksen, Eirik"]
[Result "1-0"]
[WhiteTitle "GM"]
[BlackTitle "IM"]
[WhiteElo "2546"]
[BlackElo "2349"]
[WhiteFideId "1700812"]
[BlackFideId "1500945"]
[EventDate "2018.12.09"]

1. d4 Nf6 2. c4 g6 3. Nc3 Bg7 4. e4 O-O 5. Nf3 d6 6. Be2 Na6 7. Bf4 Nd7 8. O-O
e5 9. Bg5 Qe8 10. Re1 h6 11. Bh4 Nf6 12. Bxf6 Bxf6 13. c5 Nb4 14. dxe5 dxe5 15.
a3 Nc6 16. Nd5 Qd8 17. h3 Bg7 18. Bc4 Be6 19. b4 Nd4 20. Rc1 b5 21. Nxd4 exd4
22. Bxb5 Bxd5 23. exd5 Qxd5 24. Qd3 a5 25. Bc4 Qg5 26. b5 Rab8 27. h4 Qf6 28.
Qg3 Rbc8 29. Re4 Kh8 30. Rce1 Qf5 31. c6 a4 32. Re7 Qc5 33. Bxf7 d3 34. Qxd3 Bd4
35. Qxg6 1-0